Die größten deutschen Städte im Jahr 1500 - Statistiken

Allgemein
  • Dieses Quiz wurde 254 mal gespielt
  • Das Durchschnittsergebnis liegt bei 7 aus 10
Antwortstatistiken
# Einwohnerzahl Stadt % Korrekt
2 45.000 Köln
95%
3 38.000 Nürnberg
75%
9 20.000 Wien
75%
4 30.000 Augsburg
74%
1 70.000 Prag
71%
6 25.000 Lübeck
59%
5 30.000 Danzig
56%
7 25.000 Breslau
54%
8 22.000 Regensburg
49%
10 20.000 Straßburg
48%
Keine übereinstimmenden Quizze gefunden
Verteilung der Resultate
Anzahl Personen mit jedem Resultat
Perzentil nach korrekt beantworteten Fragen
Ihre Resultats-Entwicklung
Sie haben dieses Quiz noch nicht gespielt